Creados en Cristo Jesús (Record no. 189284)

MARC details
000 -LEADER
campo de control de longitud fija 00853nam a2200241 i 4500
001 - NÚMERO DE CONTROL
campo de control 189284
003 - IDENTIFICADOR DE NÚMERO DE CONTROL
campo de control SpMaBN
005 - FECHA Y HORA DE LA ÚLTIMA TRANSACCIÓN
campo de control 20240520123919.0
008 - DATOS DE LONGITUD FIJA--INFORMACIÓN GENERAL
campo de control de longitud fija 190521s1968 sp |||| | spa d
080 ## - NÚMERO DE LA CLASIFICACIÓN DECIMAL UNIVERSAL
Número de la Clasificación Decimal Universal 227.1.017
100 1# - ENTRADA PRINCIPAL--NOMBRE DE PERSONA
Nombre de persona Rey, Bernard.
9 (RLIN) 96488
245 10 - MENCIÓN DEL TÍTULO
Título Creados en Cristo Jesús
Resto del título : la nueva creación según San Pablo /
Mención de responsabilidad, etc. Bernard Rey ; prólogo de Pierre Benoit ; [traducción por Luis Gago Fernández].
260 ## - PUBLICACIÓN, DISTRIBUCIÓN, ETC.
Lugar de publicación, distribución, etc. Madrid :
Nombre del editor, distribuidor, etc. Fax,
Fecha de publicación, distribución, etc. [1968]
300 ## - DESCRIPCIÓN FÍSICA
Extensión 324 p. ;
Dimensiones 23 cm.
490 1# - MENCIÓN DE SERIE
Mención de serie Actualidad bíblica ;
Designación de volumen o secuencia 10
500 ## - NOTA GENERAL
Nota general Índices.
630 07 - PUNTO DE ACCESO ADICIONAL DE MATERIA--TÍTULO UNIFORME
Título uniforme Biblia.
Nombre de parte o sección de la obra N.T.
-- Epístolas de Pablo-
Subdivisión general Crítica e interpretación.
9 (RLIN) 167065
700 0# - ENTRADA AGREGADA--NOMBRE PERSONAL
Nombre de persona Benoit, Pierre,
Fechas asociadas al nombre 1886-1962
9 (RLIN) 27757
700 1# - ENTRADA AGREGADA--NOMBRE PERSONAL
Nombre de persona Gago Fernández, Luis.
9 (RLIN) 53237
830 0# - PUNTO DE ACCESO ADICIONAL DE SERIE-TÍTULO UNIFORME
Título uniforme Actualidad bíblica ;
Designación de volumen o secuencia 10
9 (RLIN) 193281
852 ## - LOCALIZACIÓN
Ubicación ES-MaACL
Número de control de estantería J-9(10)
Holdings
Estatus retirado Estado de pérdida Estado de daño No para préstamo Biblioteca de origen Biblioteca actual Ubicación en estantería Fecha de adquisición Fuente de adquisición Total de préstamos Signatura topográfica completa Código de barras Visto por última vez Precio de reemplazo Tipo de ítem Koha
        Biblioteca del Ateneo de Madrid Biblioteca del Ateneo de Madrid Depósito 2 21/05/2019     J-9(10) 1200548 23/02/2023 23/02/2023 Libro impreso